| 000 | 01073nam a2200277Ia 4500 | ||
|---|---|---|---|
| 999 |
_c64385 _d64385 |
||
| 005 | 20240530110729.0 | ||
| 008 | 140319s1998 ua a g b 000 0 ara d | ||
| 017 |
_a1998/8981 _bمصر. دار الكتب |
||
| 020 | _a9772930142 | ||
| 040 |
_aGCL / _cGCL |
||
| 082 | 0 | 4 |
_a020 / _bم م _221 |
| 100 | 0 | _aمحمد فتحى عبدالهادى | |
| 245 | 1 | 2 |
_aالمكتبات والمعلومات العربية بين الواقع والمستقبل / _cمحمد فتحى عبدالهادى |
| 250 | _aط.1 | ||
| 260 |
_aالقاهرة : _bمكتبة الدار العربية للكتاب، _c1998 |
||
| 300 |
_a211 ص. : _bجداول ؛ _c24 سم. |
||
| 490 |
_aدراسات فى علم المكتبات والمعلومات ؛ _v4 |
||
| 504 | _aيشتمل على ارجاعات ببليوجرافية | ||
| 650 | 0 | 7 |
_aالمعلومات _2qrmak |
| 650 | 0 | 7 |
_aالمكتبيون _2qrmak |
| 650 | 0 | 7 |
_aالتأهيل المهنى _2qrmak |
| 650 | 0 | 7 |
_aالمكتبات _2qrmak |
| 650 | 0 | 7 |
_aالببليوجرافيا _2qrmak |
| 651 | _2qrmak | ||
| 942 |
_2ddc _cBK |
||